000 00590nam a2200229Ia 4500
003 OSt
005 20220928104446.0
006 a|||||r|||| 00| 0
007 ta
008 220927b |||||||| |||| 00| 0 eng d
024 _a29167
037 _cTextual
040 _aSDCL
_cSDCL
_beng
041 _2eng
_aeng
082 _aG11:6, M5
100 _aTaussig Michael J Ed.
_9410488
245 0 _aT cell hybridomas.
260 _aBoca Raton
_b CRC Press
_c1985
300 _a284p
_ccm.
942 _hG11:6, M5
_cTEXL
_2CC
999 _c726137
_d726137